Zur Genese von Strafrechtsnormen

Saved in:  
Bibliographic Details
Main Author: Waldmann, Peter 1937- (Author)
Format: Print Article
Language:German
Published: 1979
In: Kriminologisches Journal
Year: 1979, Volume: 11, Issue: 2, Pages: 102-123
Check availability: HBZ Gateway
Keywords:

MARC

LEADER 00000caa a2200000 c 4500
001 163600959X
003 DE-627
005 20220608110937.0
007 tu
008 140210s1979 xx ||||| 00| ||ger c
035 |a (DE-627)163600959X 
035 |a (DE-576)400913003 
035 |a (DE-599)BSZ400913003 
040 |a DE-627  |b ger  |c DE-627  |e rakwb 
041 |a ger 
100 1 |a Waldmann, Peter  |d 1937-  |0 (DE-588)130395064  |0 (DE-627)500684588  |0 (DE-576)163462046  |4 aut 
109 |a Waldmann, Peter 1937-  |a Waldmann, Peter K. 1937- 
245 1 0 |a Zur Genese von Strafrechtsnormen  |c Peter Waldmann 
264 1 |c 1979 
336 |a Text  |b txt  |2 rdacontent 
337 |a ohne Hilfsmittel zu benutzen  |b n  |2 rdamedia 
338 |a Band  |b nc  |2 rdacarrier 
773 0 8 |i In  |t Kriminologisches Journal  |d Weinheim : Beltz Juventa, 1969  |g 11(1979), 2, Seite 102-123  |w (DE-627)130092207  |w (DE-600)500591-7  |w (DE-576)018208223  |x 0341-1966  |7 nnas 
773 1 8 |g volume:11  |g year:1979  |g number:2  |g pages:102-123 
951 |a AR 
ELC |b 1 
LOK |0 000 xxxxxcx a22 zn 4500 
LOK |0 001 329294855X 
LOK |0 003 DE-627 
LOK |0 004 163600959X 
LOK |0 005 20250819153102 
LOK |0 008 140210||||||||||||||||ger||||||| 
LOK |0 040   |a DE-21-110  |c DE-627  |d DE-21-110 
LOK |0 689   |a s  |a Strafrechtsnormen 
LOK |0 689   |a s  |a Genese 
LOK |0 852   |a DE-21-110 
LOK |0 852 1  |m p  |9 00 
LOK |0 935   |a k110 
LOK |0 938   |k p 
LOK |0 939   |a 10-02-14  |b l01 
ORI |a SA-MARC-krimdoka001.raw